| 000 | 00822nam a22002771 4500 | ||
|---|---|---|---|
| 001 | 31905 | ||
| 003 | BD-RjUL | ||
| 005 | 20211209051750.0 | ||
| 008 | 140422s19631931enk 001 0 eng | ||
| 035 | _a(BD-RjUL)31993 | ||
| 035 | _a(OCoLC)3194983 | ||
| 040 |
_aDLC _cScRhW _dOCoLC _dOClU _dOCoLC _dDLC _dBD-RjUL _beng |
||
| 041 | _aeng | ||
| 082 |
_a192 _bMOL 1963 |
||
| 100 | 1 |
_aMorris, C. R. _q(Charles Richard) _997121 |
|
| 245 | 0 | 0 |
_aLocke, Berkeley, Hume / _cC. R. Morris ... |
| 260 |
_aOxford : _bThe Clarendon Press, _c1963. |
||
| 300 |
_a174 p. ; _c20 cm. |
||
| 504 | _aBibliography: p. [171]-172. | ||
| 600 | 1 | 0 |
_aLocke, John, _d1632-1704 _997126 |
| 600 | 1 | 0 |
_aBerkeley, George, _d1685-1753 _997127 |
| 600 | 1 | 0 |
_aHume, David, _d1711-1776 _997128 |
| 942 |
_2ddc _cBK _01 |
||
| 999 |
_c31905 _d31905 |
||